[Event "Doeberl Cup Premier"]
[Site "Canberra AUS"]
[Date "2011.04.22"]
[Round "3.6"]
[White "Smerdon,D"]
[Black "Garner,D"]
[Result "1-0"]
[WhiteTitle "GM"]
[WhiteElo "2512"]
[BlackElo "2146"]
[WhiteFideId "3202305"]
[BlackFideId "405582"]
[EventDate "2011.04.21"]
[EventType "swiss"]

1. e4 c5 2. c3 d6 3. d4 Nf6 4. f3 d5 5. e5 Nfd7 6. f4 Nc6 7. Nf3 cxd4 8. cxd4
Nb6 9. Nh4 g6 10. Nc3 Be6 11. Be2 Qd7 12. O-O Bg7 13. g4 f5 14. gxf5 Bxf5 15.
Nxf5 gxf5 16. Bh5+ Kd8 17. a4 a5 18. b3 Nb4 19. Ba3 e6 20. Bxb4 axb4 21. Nb5 Bf8
22. Qe2 Rc8 23. a5 Na8 24. a6 Rg8+ 25. Kh1 bxa6 26. Rxa6 Nc7 27. Nxc7 Rxc7 28.
Ra8+ Rc8 29. Qa6 Rg7 30. Rc1 Rxa8 31. Qxa8+ Ke7 32. Rc7 1-0

[Event "Doeberl Cup Premier"]
[Site "Canberra AUS"]
[Date "2011.04.22"]
[Round "3.7"]
[White "Ikeda,J"]
[Black "Johansen,D"]
[Result "0-1"]
[WhiteTitle "FM"]
[BlackTitle "GM"]
[WhiteElo "2296"]
[BlackElo "2419"]
[WhiteFideId "3204731"]
[BlackFideId "3200035"]
[EventDate "2011.04.21"]
[EventType "swiss"]

1. e4 c5 2. Nf3 d6 3. d4 Nf6 4. Nc3 cxd4 5. Nxd4 a6 6. h3 Nc6 7. Nb3 e6 8. g4 b5
9. Bg2 Bb7 10. a4 b4 11. Ne2 Be7 12. Ng3 Rc8 13. O-O O-O 14. g5 Nd7 15. f4 g6
16. h4 Na5 17. Kh2 Nxb3 18. cxb3 Nc5 19. f5 d5 20. Bf4 Nxe4 21. fxe6 fxe6 22.
Bh3 Nc5 23. Rc1 d4 24. Qe1 Bd5 25. Rxc5 Rxc5 26. Bxe6+ Bxe6 27. Qxe6+ Rf7 28.
Bd6 Rc2+ 29. Kg1 Qf8 30. Be5 d3 31. Ne4 d2 32. Bf4 Qc8 33. Qxc8+ Rxc8 34. Bxd2
Rxf1+ 35. Kxf1 Rc2 36. Bf4 Rxb2 37. Nd2 Bd6 38. Be3 Be5 0-1

[Event "Doeberl Cup Premier"]
[Site "Canberra AUS"]
[Date "2011.04.22"]
[Round "3.8"]
[White "Morris,J"]
[Black "Goh Weiming"]
[Result "0-1"]
[WhiteTitle "IM"]
[BlackTitle "IM"]
[WhiteElo "2227"]
[BlackElo "2382"]
[WhiteFideId "3205800"]
[BlackFideId "5800706"]
[EventDate "2011.04.21"]
[EventType "swiss"]

1. e4 e6 2. Nc3 d5 3. d4 Bb4 4. e5 c5 5. a3 Bxc3+ 6. bxc3 Ne7 7. a4 Qa5 8. Qd2
O-O 9. Nf3 Qc7 10. Ba3 b6 11. Bd3 h6 12. g4 Ba6 13. Bxa6 Nxa6 14. h4 Nb8 15. h5
f6 16. O-O-O Nd7 17. Nh4 Qc6 18. Ng6 Qxa4 19. Nxe7+ Kf7 20. exf6 Qxa3+ 21. Kb1
Nxf6 22. g5 Ne4 23. Qf4+ Kxe7 24. Qc7+ Ke8 25. Rh3 Nxc3+ 26. Rxc3 Qxc3 27. g6
Rxf2 28. Qc6+ Ke7 29. Qb7+ Kd6 30. dxc5+ Qxc5 0-1

[Event "Doeberl Cup Premier"]
[Site "Canberra AUS"]
[Date "2011.04.22"]
[Round "3.10"]
[White "Dragicevic,Do"]
[Black "Cheng,Bo"]
[Result "0-1"]
[BlackTitle "FM"]
[WhiteElo "2194"]
[BlackElo "2345"]
[WhiteFideId "3203328"]
[BlackFideId "4300033"]
[EventDate "2011.04.21"]
[EventType "swiss"]

1. e4 e6 2. d3 d5 3. Nd2 Nf6 4. Ngf3 Nc6 5. c3 Bd6 6. Qc2 e5 7. Be2 O-O 8. O-O
a5 9. Re1 Re8 10. Nf1 h6 11. Ng3 Bf8 12. h3 Be6 13. Bf1 Qd7 14. Bd2 g6 15. Rad1
Kh7 16. Bc1 d4 17. a4 Ng8 18. Ne2 Rab8 19. Bd2 b5 20. cxd4 exd4 21. Rc1 Nge7 22.
b3 Rb6 23. Nf4 Reb8 24. Nxe6 Qxe6 25. Rb1 Nc8 26. Rec1 Ba3 27. Re1 bxa4 28. bxa4
Rb2 29. Rxb2 Rxb2 30. Qd1 Nb6 31. Bf4 Rb4 32. Bxc7 Nxa4 33. Qc2 Nc3 34. Nxd4
Rxd4 35. Qxc3 Bb4 36. Qc1 Bxe1 37. Qxe1 a4 38. Qc3 Rb4 39. Be2 Rb3 40. Qc5 a3
41. Bg4 Qe8 42. Qd5 a2 43. Qxb3 a1=Q+ 44. Kh2 h5 0-1

[Event "Doeberl Cup Premier"]
[Site "Canberra AUS"]
[Date "2011.04.22"]
[Round "4.1"]
[White "Deviatkin,A"]
[Black "Bojkov,D"]
[Result "1/2-1/2"]
[WhiteTitle "GM"]
[BlackTitle "GM"]
[WhiteElo "2566"]
[BlackElo "2523"]
[WhiteFideId "4121260"]
[BlackFideId "2904292"]
[EventDate "2011.04.21"]
[EventType "swiss"]

1. e4 e5 2. Nf3 Nc6 3. Bb5 a6 4. Bxc6 dxc6 5. O-O f6 6. d4 exd4 7. Nxd4 c5 8.
Ne2 Qxd1 9. Rxd1 Bd7 10. Nbc3 O-O-O 11. Be3 Re8 12. Rd2 Bc6 13. Rad1 b6 14. f3
Ne7 15. Nf4 Ng6 16. Ncd5 Ne5 17. b3 c4 18. Kf2 a5 19. Nh5 Kb7 20. a4 Rg8 21. g4
Nd7 22. h4 Nc5 23. Bxc5 Bxc5+ 24. Kg2 Rd8 25. Ndf4 Rde8 26. Nd5 Rd8 27. Ndf4
Rde8 28. Nd5 cxb3 29. cxb3 Rd8 30. Ndf4 Rde8 31. Nd5 1/2-1/2

[Event "Doeberl Cup Premier"]
[Site "Canberra AUS"]
[Date "2011.04.22"]
[Round "4.2"]
[White "Johansen,D"]
[Black "Illingworth,M"]
[Result "1/2-1/2"]
[WhiteTitle "GM"]
[BlackTitle "FM"]
[WhiteElo "2419"]
[BlackElo "2345"]
[WhiteFideId "3200035"]
[BlackFideId "3205207"]
[EventDate "2011.04.21"]
[EventType "swiss"]

1. c4 e6 2. d4 Nf6 3. Nf3 d5 4. Nc3 c6 5. cxd5 exd5 6. Bg5 Be7 7. Qc2 g6 8. e3
Bf5 9. Bd3 Bxd3 10. Qxd3 Nbd7 11. O-O O-O 12. Rab1 a5 13. a3 Re8 14. Bxf6 Bxf6
15. Rfc1 Qe7 16. Na4 Qd6 17. Qc2 Rec8 18. Ne1 Bd8 19. Nc5 Nxc5 20. Qxc5 Qf6 21.
Qc2 Be7 22. Nd3 Bd6 23. Qd1 Qh4 24. g3 Qe4 25. Nc5 Bxc5 26. Rxc5 h5 27. Qc2 Qf3
28. Qd1 Qe4 29. Qc2 Qf3 30. Qd1 Qe4 31. Qc2 1/2-1/2

[Event "Doeberl Cup Premier"]
[Site "Canberra AUS"]
[Date "2011.04.22"]
[Round "4.3"]
[White "Hansen,SuB"]
[Black "Ly,Mo"]
[Result "1-0"]
[WhiteTitle "GM"]
[BlackTitle "FM"]
[WhiteElo "2603"]
[BlackElo "2381"]
[WhiteFideId "1400266"]
[BlackFideId "3204405"]
[EventDate "2011.04.21"]
[EventType "swiss"]

1. c4 Nf6 2. g3 g6 3. Bg2 Bg7 4. Nc3 O-O 5. e4 d6 6. Nge2 c5 7. O-O Nc6 8. d3 a6
9. Rb1 Ne8 10. Be3 Nc7 11. d4 cxd4 12. Nxd4 Bd7 13. Nde2 b5 14. c5 dxc5 15. Bxc5
Ne6 16. Be3 Ne5 17. Nd5 Nc4 18. Bc1 Rb8 19. b3 Nb6 20. Bd2 Nxd5 21. exd5 Nc5 22.
Be3 Nb7 23. Nd4 Nd6 24. Qd2 Nf5 25. Nxf5 Bxf5 26. Rbc1 Rc8 27. Rxc8 Bxc8 28. Rc1
Be5 29. Bh6 Re8 30. Qe3 Bd6 31. Qd4 f6 32. h4 Qd7 33. Re1 Qc7 34. Rc1 Qd7 35.
Qe3 Qb7 36. Be4 Bd7 37. Qd3 Kf7 38. h5 f5 39. Bf3 Qb8 40. Kg2 Rc8 41. Re1 Qc7
42. Rc1 Qb8 43. Rh1 Qc7 44. Bd2 Qc5 45. Rh4 Rg8 46. Be3 Qc7 47. hxg6+ hxg6 48.
b4 Be5 49. Bc5 Rh8 50. d6 exd6 51. Bxd6 Qxd6 52. Qxd6 Bxd6 53. Rxh8 Bxb4 54. Ra8
a5 55. Bd5+ Ke7 56. Ra6 g5 57. f3 Bd2 58. Kf2 Bc3 59. Kg2 Bd2 60. a3 Bc3 61. Bc6
Bxc6 62. Rxc6 b4 63. a4 Kd7 64. Rc5 Bd2 65. Rxa5 1-0

[Event "Doeberl Cup Premier"]
[Site "Canberra AUS"]
[Date "2011.04.22"]
[Round "4.4"]
[White "Goh Weiming"]
[Black "Arutinian,D"]
[Result "1/2-1/2"]
[WhiteTitle "IM"]
[BlackTitle "GM"]
[WhiteElo "2382"]
[BlackElo "2575"]
[WhiteFideId "5800706"]
[BlackFideId "13601741"]
[EventDate "2011.04.21"]
[EventType "swiss"]

1. e4 c6 2. d4 d5 3. Nd2 dxe4 4. Nxe4 Bf5 5. Ng3 Bg6 6. N1e2 e6 7. Nf4 Qc7 8. c3
Nf6 9. h4 Bd6 10. Qf3 Nbd7 11. h5 Bc2 12. h6 gxh6 13. Rxh6 Rg8 14. Bc4 O-O-O 15.
Nfe2 Be7 16. Bf4 e5 17. Bd2 Qb6 18. b3 exd4 19. cxd4 Bg6 20. Kf1 Rge8 21. a4 a5
22. Nf5 Bb4 23. Be3 Kb8 24. Rh4 Nd5 25. Bg5 f6 26. Bh6 Nf8 27. Ne3 Nc3 28. Kg1
Be4 29. Qxf6 Be7 30. Qe5+ Bd6 31. Qf6 Be7 32. Qe5+ Bd6 33. Qf6 Be7 1/2-1/2

[Event "Doeberl Cup Premier"]
[Site "Canberra AUS"]
[Date "2011.04.22"]
[Round "4.5"]
[White "Cheng,Bo"]
[Black "Smerdon,D"]
[Result "0-1"]
[WhiteTitle "FM"]
[BlackTitle "GM"]
[WhiteElo "2345"]
[BlackElo "2512"]
[WhiteFideId "4300033"]
[BlackFideId "3202305"]
[EventDate "2011.04.21"]
[EventType "swiss"]

1. d4 Nf6 2. c4 c5 3. d5 e5 4. Nc3 d6 5. g3 Nbd7 6. e4 g6 7. Bg2 Bg7 8. Nge2 O-O
9. O-O a6 10. a4 Ne8 11. Be3 Rb8 12. f4 f5 13. Kh1 Nc7 14. a5 exf4 15. gxf4 fxe4
16. Nxe4 Nf6 17. N4c3 Re8 18. Qd2 b5 19. axb6 Rxb6 20. Ra3 Bg4 21. Ng3 h5 22. h3
h4 23. hxg4 hxg3 24. g5 Ng4 25. Bg1 Qd7 26. Qd3 Kf7 27. Be4 Rh8+ 28. Kg2 Rxb2+
29. Ne2 Ne3+ 30. Kf3 g2 31. Bxg6+ Kg8 32. Re1 Rh3+ 33. Kf2 Qg4 0-1

[Event "Doeberl Cup Premier"]
[Site "Canberra AUS"]
[Date "2011.04.22"]
[Round "4.7"]
[White "Mandla,B"]
[Black "Solomon,SJ"]
[Result "0-1"]
[BlackTitle "IM"]
[WhiteElo "2121"]
[BlackElo "2398"]
[WhiteFideId "3207170"]
[BlackFideId "3200043"]
[EventDate "2011.04.21"]
[EventType "swiss"]

1. e4 c5 2. Nf3 Nc6 3. d4 cxd4 4. Nxd4 Nf6 5. Nc3 d6 6. Bc4 e6 7. Bg5 Be7 8. Qd2
h6 9. Bxf6 Bxf6 10. Ndb5 O-O 11. Rd1 Qa5 12. Qxd6 a6 13. Nd4 Bxd4 14. Rxd4 Rd8 0-1

[Event "Doeberl Cup Premier"]
[Site "Canberra AUS"]
[Date "2011.04.22"]
[Round "4.8"]
[White "Toth,And1"]
[Black "Morris,Mi2"]
[Result "1-0"]
[WhiteTitle "IM"]
[WhiteElo "2378"]
[BlackElo "2125"]
[WhiteFideId "716405"]
[BlackFideId "3205819"]
[EventDate "2011.04.21"]
[EventType "swiss"]

1. e4 e6 2. d4 d5 3. Nc3 dxe4 4. Nxe4 Bd7 5. Nf3 Bc6 6. Bd3 Nd7 7. O-O Ngf6 8.
Ned2 Be7 9. Nc4 Bxf3 10. Qxf3 c6 11. Qg3 O-O 12. Bh6 Ne8 13. Be3 Ndf6 14. Rad1
Nd5 15. Qh3 Nef6 16. Bg5 Re8 17. Ne5 h6 18. Bc1 Bf8 19. c4 Ne7 20. Rfe1 Qc8 21.
Bc2 Nf5 22. g4 Ne7 23. g5 hxg5 24. Bxg5 Nf5 25. Bxf6 gxf6 26. Bxf5 exf5 27. Kh1
Bg7 28. Rg1 Kf8 29. Qh7 fxe5 30. Qxg7+ Ke7 31. dxe5 Qe6 32. Qg5+ Kf8 33. f4 1-0

[Event "Doeberl Cup Premier"]
[Site "Canberra AUS"]
[Date "2011.04.22"]
[Round "4.9"]
[White "Zvedeniouk,I"]
[Black "Caoili,A"]
[Result "0-1"]
[BlackTitle "WIM"]
[WhiteElo "2110"]
[BlackElo "2247"]
[WhiteFideId "3203999"]
[BlackFideId "5201179"]
[EventDate "2011.04.21"]
[EventType "swiss"]

1. e4 e5 2. Nf3 Nc6 3. Nc3 Nf6 4. Bb5 Bb4 5. O-O O-O 6. d3 d6 7. Bg5 Ne7 8. Bxf6
gxf6 9. Ne2 f5 10. Qc1 f4 11. g3 Bg4 12. Kg2 Bxf3+ 13. Kxf3 f5 14. gxf4 fxe4+
15. Kg2 exf4 16. Nxf4 Qc8 17. Bc4+ d5 18. Nxd5 Qg4+ 19. Kh1 Qf3+ 20. Kg1 Nxd5
21. Bxd5+ Kh8 0-1

[Event "Doeberl Cup Premier"]
[Site "Canberra AUS"]
[Date "2011.04.22"]
[Round "4.12"]
[White "Bliznyuk,A"]
[Black "Cameron,Alistair"]
[Result "1-0"]
[WhiteElo "2196"]
[BlackElo "1921"]
[WhiteFideId "3202720"]
[BlackFideId "3209393"]
[EventDate "2011.04.21"]
[EventType "swiss"]

1. e4 c5 2. Nf3 d6 3. d4 cxd4 4. Nxd4 Nf6 5. Nc3 Nc6 6. Bc4 Qb6 7. Nb3 e6 8. O-O
Be7 9. Be3 Qc7 10. Be2 O-O 11. f4 b6 12. Kh1 Bb7 13. Bf3 Rac8 14. g4 Qb8 15. g5
Nd7 16. Rg1 Qa8 17. Rg3 f5 18. gxf6 Nxf6 19. Qg1 Rf7 20. Qg2 Bf8 21. Rg1 Ne7 22.
Nd2 d5 23. f5 exf5 24. e5 Ne4 25. Bxe4 dxe4 26. e6 Rf6 27. Rxg7+ Bxg7 28. Qxg7# 1-0

[Event "Doeberl Cup Premier"]
[Site "Canberra AUS"]
[Date "2011.04.22"]
[Round "4.13"]
[White "Schon,E"]
[Black "Zelesco,Karl"]
[Result "1-0"]
[WhiteElo "2157"]
[BlackElo "1843"]
[WhiteFideId "3205690"]
[BlackFideId "3213390"]
[EventDate "2011.04.21"]
[EventType "swiss"]

1. e4 c6 2. d4 d5 3. f3 dxe4 4. fxe4 e5 5. Nf3 exd4 6. Bc4 Bg4 7. Bxf7+ Kxf7 8.
Ne5+ Ke8 9. Qxg4 Qa5+ 10. Nd2 Qxe5 11. Qc8+ Kf7 12. Qxb7+ Nd7 13. Qxd7+ Be7 14.
O-O+ Nf6 15. Qxc6 Rac8 16. Nf3 Qc5 17. Ng5+ Kf8 18. Qe6 Qc4 19. Qxc4 Rxc4 20. e5
Rxc2 21. exf6 Bxf6 22. Ne4 Ke7 23. Bg5 Rf8 24. Rae1 Kf7 25. Nxf6 gxf6 26. Bxf6
Rg8 27. Bxd4+ Kg6 28. Rf6+ Kh5 29. Re5+ Kg4 30. h3+ Kh4 31. Bf2+ Rxf2 32. Kxf2
h5 33. Rf4+ Rg4 34. hxg4 hxg4 35. g3+ Kh3 36. Rh5# 1-0

[Event "Doeberl Cup Premier"]
[Site "Canberra AUS"]
[Date "2011.04.22"]
[Round "4.16"]
[White "Hacche,D"]
[Black "Morris,J"]
[Result "0-1"]
[BlackTitle "IM"]
[WhiteElo "2098"]
[BlackElo "2227"]
[WhiteFideId "3200175"]
[BlackFideId "3205800"]
[EventDate "2011.04.21"]
[EventType "swiss"]

1. d4 Nf6 2. c4 c5 3. d5 e6 4. Nc3 exd5 5. cxd5 g6 6. Nf3 d6 7. Nd2 Bg7 8. e4
O-O 9. Be2 Na6 10. O-O Nc7 11. a4 Re8 12. f3 b6 13. Nc4 Ba6 14. Be3 Rb8 15. Qd2
Bxc4 16. Bxc4 a6 17. Qd3 b5 18. axb5 axb5 19. Nxb5 Ncxd5 20. Bxd5 Nxd5 21. Qxd5
Rxb5 22. Ra7 Qf6 23. Rd1 Rxb2 24. Qxd6 Qxd6 25. Rxd6 c4 26. Rdd7 Rf8 27. Rac7 c3
28. Rd1 Ra8 29. Kf1 h5 30. f4 Raa2 31. e5 Rxg2 32. Rxc3 Rxh2 33. Rc8+ Kh7 34.
Rc7 h4 35. Rxf7 h3 0-1

[Event "Doeberl Cup Premier"]
[Site "Canberra AUS"]
[Date "2011.04.22"]
[Round "4.17"]
[White "Yin,Wenlin"]
[Black "Dragicevic,Do"]
[Result "0-1"]
[WhiteElo "1920"]
[BlackElo "2194"]
[WhiteFideId "3214001"]
[BlackFideId "3203328"]
[EventDate "2011.04.21"]
[EventType "swiss"]

1. e4 c5 2. Nc3 a6 3. g3 b5 4. Bg2 Bb7 5. d3 e6 6. f4 Nf6 7. Nh3 b4 8. Ne2 d5 9.
exd5 Bxd5 10. O-O Nc6 11. c3 Be7 12. Be3 Ng4 13. Qd2 Bxg2 14. Kxg2 Qd5+ 15. Kg1
Rd8 16. Rfd1 Qf3 17. Bf2 h5 18. Nc1 h4 19. Ng5 Bxg5 20. fxg5 Nxf2 0-1

[Event "Doeberl Cup Premier"]
[Site "Canberra AUS"]
[Date "2011.04.22"]
[Round "4.19"]
[White "Garner,D"]
[Black "Jule,A"]
[Result "1-0"]
[BlackTitle "WIM"]
[WhiteElo "2146"]
[BlackElo "1970"]
[WhiteFideId "405582"]
[BlackFideId "3205517"]
[EventDate "2011.04.21"]
[EventType "swiss"]

1. d4 e6 2. e4 d5 3. Nd2 Nf6 4. e5 Nfd7 5. Bd3 c5 6. c3 Nc6 7. Ne2 cxd4 8. cxd4
f6 9. exf6 Nxf6 10. O-O Bd6 11. Nf3 O-O 12. Bf4 Ng4 13. g3 Bxf4 14. Nxf4 e5 15.
dxe5 g5 16. Nxd5 Ngxe5 17. Nxe5 Nxe5 18. Be4 Bh3 19. Qh5 Bf5 20. Bxf5 Rxf5 21.
Rad1 Qf8 22. Ne3 Nf3+ 23. Kg2 Rf7 24. Rd5 Re8 25. Nf5 1-0

[Event "Doeberl Cup Premier"]
[Site "Canberra AUS"]
[Date "2011.04.22"]
[Round "4.34"]
[White "Wang,O"]
[Black "Kevork,Chris"]
[Result "1/2-1/2"]
[WhiteElo "1936"]
[BlackElo "1933"]
[WhiteFideId "3200361"]
[BlackFideId "3214079"]
[EventDate "2011.04.21"]
[EventType "swiss"]

1. e4 c5 2. c3 d5 3. exd5 Qxd5 4. d4 e6 5. Nf3 Nc6 6. Be3 cxd4 7. cxd4 Nf6 8.
Nc3 Qd7 9. Ne5 Nxe5 10. dxe5 Qxd1+ 11. Rxd1 Nd7 12. Nb5 Bb4+ 13. Bd2 Bxd2+ 14.
Rxd2 O-O 15. f4 Nb6 1/2-1/2

[Event "Doeberl Cup Premier"]
[Site "Canberra AUS"]
[Date "2011.04.23"]
[Round "5.1"]
[White "Smerdon,D"]
[Black "Hansen,SuB"]
[Result "0-1"]
[WhiteTitle "GM"]
[BlackTitle "GM"]
[WhiteElo "2512"]
[BlackElo "2603"]
[WhiteFideId "3202305"]
[BlackFideId "1400266"]
[EventDate "2011.04.21"]
[EventType "swiss"]

1. e4 e5 2. Nf3 Nc6 3. d4 exd4 4. Nxd4 Nf6 5. Nxc6 bxc6 6. e5 Qe7 7. Qe2 Nd5 8.
c4 Ba6 9. b3 g6 10. f4 d6 11. Qf3 Nb4 12. Bb2 O-O-O 13. e6 Rg8 14. Kd1 d5 15.
Kc1 dxc4 16. a3 Nd3+ 17. Bxd3 Rxd3 18. Qxc6 Qxe6 19. Qxe6+ fxe6 20. bxc4 Bc5 21.
Kc2 Rgd8 22. Bf6 R8d7 23. Nc3 Bxc4 24. Rhd1 Be3 25. Rxd3 Bxd3+ 26. Kb3 Bxf4 27.
g3 Bh6 28. Be5 Be3 29. a4 a6 30. a5 Kb7 31. Re1 Bf2 32. Rd1 Bb5 33. Rxd7 Bxd7
34. Ne4 Bg1 35. Kb4 Bxh2 36. Bd4 Bb5 37. Bf2 h5 38. Nc5+ Kc6 39. Nxe6 Kd6 40.
Ng5 h4 41. gxh4 Kd5 42. Nf7 Bf4 43. Kc3 c5 44. Be1 Bd7 45. Bf2 Bc7 0-1

[Event "Doeberl Cup Premier"]
[Site "Canberra AUS"]
[Date "2011.04.23"]
[Round "5.5"]
[White "Caoili,A"]
[Black "Johansen,D"]
[Result "1/2-1/2"]
[WhiteTitle "WIM"]
[BlackTitle "GM"]
[WhiteElo "2247"]
[BlackElo "2419"]
[WhiteFideId "5201179"]
[BlackFideId "3200035"]
[EventDate "2011.04.21"]
[EventType "swiss"]

1. d4 e6 2. Nf3 c5 3. c4 cxd4 4. Nxd4 Nf6 5. Nc3 Nc6 6. Nc2 d5 7. cxd5 exd5 8.
e3 Be6 9. a3 Bd6 10. Be2 Rc8 11. Nb5 Bb8 12. Nbd4 O-O 13. O-O Qd6 14. f4 Bd7 15.
Bf3 Ne7 16. Qd3 Rfe8 17. b3 Ng6 18. g3 Bh3 19. Re1 a6 20. Bb2 Qd7 21. Nb4 Ba7
22. Rad1 Ne7 23. Bg2 Bxg2 24. Kxg2 Red8 25. Nf3 Ne4 26. Bd4 Bxd4 27. Nxd4 Rc3
28. Qe2 Rdc8 29. Na2 R3c5 30. Rc1 Nf5 31. Nxf5 Qxf5 32. Rxc5 Nxc5 33. b4 Nd3 34.
Rd1 Rc2 35. Rd2 Qe4+ 36. Kh3 Qe6+ 37. Kg2 Qe4+ 38. Kh3 Rxd2 39. Qxd2 h5 40. Nc3
Qc4 41. Ne2 Nf2+ 42. Kg2 Ne4 43. Qd1 Qa2 44. Kf3 b5 45. h3 Nd2+ 46. Kf2 g6 47.
Ke1 Ne4 48. Qc1 Kg7 49. Kf1 Nd2+ 50. Kf2 Ne4+ 51. Kf3 Nd2+ 52. Kf2 Nc4 53. Kf3
Kg8 54. Kf2 Kh7 55. Kf3 Qb3 56. Qc3 Qd1 57. Qc1 Qd3 58. Kf2 Kg8 59. Qc3 Qe4 60.
Qd4 Qh1 61. h4 Nd6 62. Nc3 Nf5 63. Qxd5 Qc1 64. Qe5 Qb2+ 65. Ne2 Qxa3 66. Qe8+
Kg7 67. Qe5+ Kh7 68. Qc3 Qa2 69. e4 Nd6 70. Qd4 Ne8 71. Qd5 Qxd5 72. exd5 Nf6
73. Nc3 Kg7 74. Ke3 Nd7 75. Ne4 Kf8 76. Kd4 Ke7 77. Nc5 Nb8 78. Nb7 Nd7 79. Nc5
Nb8 1/2-1/2

[Event "Doeberl Cup Premier"]
[Site "Canberra AUS"]
[Date "2011.04.23"]
[Round "5.8"]
[White "Ly,Mo"]
[Black "Schon,E"]
[Result "1-0"]
[WhiteTitle "FM"]
[WhiteElo "2381"]
[BlackElo "2157"]
[WhiteFideId "3204405"]
[BlackFideId "3205690"]
[EventDate "2011.04.21"]
[EventType "swiss"]

1. e4 c6 2. d4 d5 3. e5 Bf5 4. Nf3 e6 5. a3 c5 6. c4 dxc4 7. Bxc4 Nc6 8. Be3
cxd4 9. Nxd4 Nxd4 10. Qxd4 Qxd4 11. Bxd4 a6 12. Nc3 Ne7 13. f4 Nc6 14. Bb6 Be7
15. Be2 h5 16. O-O g5 17. fxg5 Bd8 18. Be3 Bc7 19. Nd5 Bxe5 20. Nf6+ Bxf6 21.
gxf6 O-O-O 22. Rf4 Bd3 23. Bd1 Rd5 24. Rc1 Re5 25. Bd2 Kd7 26. Bf3 Rc8 27. Bc3
Rf5 28. Rh4 Ne5 29. Bxb7 Rc7 30. Be4 Bxe4 31. Rxe4 Ng4 32. Rd1+ Kc8 33. Re2 Nxf6
34. Re5 Nd7 35. Rxf5 exf5 36. Rd6 Rc5 37. Rxa6 f4 38. Ra4 Rf5 39. Kf2 Nb6 40.
Ra5 Nd5 41. Kf3 Kd7 42. Ke4 1-0

[Event "Doeberl Cup Premier"]
[Site "Canberra AUS"]
[Date "2011.04.23"]
[Round "5.9"]
[White "Dowden,A"]
[Black "Cheng,Bo"]
[Result "0-1"]
[BlackTitle "FM"]
[WhiteElo "2120"]
[BlackElo "2345"]
[WhiteFideId "4300572"]
[BlackFideId "4300033"]
[EventDate "2011.04.21"]
[EventType "swiss"]

1. c4 b6 2. e4 Bb7 3. Nc3 e6 4. Nge2 c5 5. g3 Qc7 6. Bg2 a6 7. O-O Nf6 8. d4
cxd4 9. Nxd4 d6 10. Be3 Nbd7 11. Re1 Be7 12. Rc1 Rc8 13. b3 O-O 14. f4 Qb8 15.
Bf2 Qa8 16. g4 g6 17. Qe2 Rfe8 18. g5 Nh5 19. Qg4 Bf8 20. Na4 Bg7 21. Rcd1 Rc7
22. f5 Ne5 23. Qh4 exf5 24. Nxb6 Qb8 25. Nd5 Bxd5 26. exd5 f4 27. Nf5 Bf8 28.
Bd4 Qc8 29. Bxe5 Qxf5 30. Bh3 Qc2 31. Bxf4 Rxe1+ 32. Rxe1 Qxa2 33. Re3 Qa1+ 34.
Kg2 Qd4 35. Kf3 Re7 36. Rxe7 Bxe7 37. Qg4 Qd1+ 38. Ke4 f5+ 0-1

[Event "Doeberl Cup Premier"]
[Site "Canberra AUS"]
[Date "2011.04.23"]
[Round "5.10"]
[White "Ikeda,J"]
[Black "Garner,D"]
[Result "1-0"]
[WhiteTitle "FM"]
[WhiteElo "2296"]
[BlackElo "2146"]
[WhiteFideId "3204731"]
[BlackFideId "405582"]
[EventDate "2011.04.21"]
[EventType "swiss"]

1. e4 c5 2. d3 Nc6 3. Nd2 g6 4. g3 Bg7 5. Bg2 d6 6. f4 e5 7. Ndf3 Nge7 8. h4 Bg4
9. Nh3 exf4 10. gxf4 d5 11. Nf2 Bh5 12. c3 dxe4 13. dxe4 Qa5 14. O-O O-O 15. Be3
b6 16. Qb3 Qa6 17. a4 Rad8 18. Qb5 Qc8 19. Bh3 Qb7 20. Nh1 Bxf3 21. Rxf3 f5 22.
Ng3 fxe4 23. Qc4+ Kh8 24. Qxe4 Rfe8 25. Bf2 Nf5 26. Bxf5 Rxe4 27. Bxe4 Qc7 28.
h5 Rf8 29. Kg2 Ne7 30. Rh1 Kg8 31. hxg6 hxg6 32. f5 gxf5 33. Nxf5 Nxf5 34. Bd5+
Rf7 35. Rxf5 Qd6 36. Bxf7+ Kf8 37. Bd5+ Ke8 38. Re1+ Kd8 39. Bh4+ Kc8 40. Re8+
Kd7 41. Rd8+ 1-0

[Event "Doeberl Cup Premier"]
[Site "Canberra AUS"]
[Date "2011.04.21"]
[Round "6.1"]
[White "Hansen,SuB"]
[Black "Bojkov,D"]
[Result "1/2-1/2"]
[WhiteTitle "GM"]
[BlackTitle "GM"]
[WhiteElo "2603"]
[BlackElo "2523"]
[WhiteFideId "1400266"]
[BlackFideId "2904292"]
[EventDate "2011.04.21"]
[EventType "swiss"]

1. e4 e5 2. Nf3 Nc6 3. Bb5 a6 4. Bxc6 dxc6 5. O-O f6 6. d4 exd4 7. Nxd4 c5 8.
Ne2 Qxd1 9. Rxd1 Bd7 10. Be3 O-O-O 11. Nbc3 Re8 12. Rd2 Bc6 13. Rad1 b6 14. a4
Ne7 15. a5 1/2-1/2

[Event "Doeberl Cup Premier"]
[Site "Canberra AUS"]
[Date "2011.04.21"]
[Round "6.2"]
[White "Deviatkin,A"]
[Black "Solomon,SJ"]
[Result "1-0"]
[WhiteTitle "GM"]
[BlackTitle "IM"]
[WhiteElo "2566"]
[BlackElo "2398"]
[WhiteFideId "4121260"]
[BlackFideId "3200043"]
[EventDate "2011.04.21"]
[EventType "swiss"]

1. e4 e5 2. Nf3 Nc6 3. Bb5 a6 4. Bxc6 dxc6 5. O-O f6 6. d4 Bg4 7. dxe5 Qxd1 8.
Rxd1 fxe5 9. Rd3 Bxf3 10. Rxf3 Bd6 11. Rd3 Nf6 12. f3 Bc5+ 13. Kf1 O-O 14. Nd2
b5 15. Ke2 Bg1 16. Nf1 Nxe4 17. fxe4 Rf2+ 18. Ke1 Raf8 19. Rf3 Rxg2 20. Rxf8+
Kxf8 21. Be3 Bxh2 22. Bf2 Bf4 23. Ke2 Rg6 24. Rd1 Ke8 25. Rd3 a5 26. a4 h5 27.
Ne3 bxa4 28. Ra3 Rd6 29. Rxa4 g5 30. Rxa5 g4 31. Nc4 Re6 32. Bh4 Kd7 33. Ra8 c5
34. Rd8+ Kc6 35. Rh8 Kb5 36. b3 g3 37. Rg8 Kb4 38. Kd3 Kb5 39. Bxg3 Rf6 40. Bxf4
exf4 41. e5 Rf7 42. Rg2 h4 43. Ke4 h3 44. Rf2 Kb4 45. Kf3 Rh7 46. Rh2 Rh4 47.
Nb2 Kc3 48. Nd3 1-0